An introduction to molecular ecology (Record no. 144785)

MARC details
000 -LEADER
fixed length control field nam a22 7a 4500
005 - DATE AND TIME OF LATEST TRANSACTION
control field 20181002085650.0
008 - FIXED-LENGTH DATA ELEMENTS--GENERAL INFORMATION
fixed length control field 181002b enk||||| |||| 00| 0 eng d
020 ## - INTERNATIONAL STANDARD BOOK NUMBER
International Standard Book Number 9780198716990
050 04 - LIBRARY OF CONGRESS CALL NUMBER
Classification number QH541.15.M63
Item number R69 2008
100 1# - MAIN ENTRY--PERSONAL NAME
Personal name Rowe, Graham.
245 13 - TITLE STATEMENT
Title An introduction to molecular ecology
Statement of responsibility, etc / Graham Rowe, Michael Sweet, Trevor J. C. Beebee.
250 ## - EDITION STATEMENT
Edition statement 3a ed.
260 ## - PUBLICATION, DISTRIBUTION, ETC. (IMPRINT)
Place of publication, distribution, etc Oxford ;
-- New York :
Name of publisher, distributor, etc Oxford University Press,
Date of publication, distribution, etc 2008.
300 ## - PHYSICAL DESCRIPTION
Extent viii, 535 p. :
Other physical details il. ;
Dimensions 27 cm.
504 ## - BIBLIOGRAPHY, ETC. NOTE
Bibliography, etc Bibliografía : p. 472-518 e índice.
650 #4 - SUBJECT ADDED ENTRY--TOPICAL TERM
Topical term or geographic name as entry element Ecología molecular
700 1# - ADDED ENTRY--PERSONAL NAME
Personal name Sweet, Michael,
Relator term autor
700 1# - ADDED ENTRY--PERSONAL NAME
Personal name Beebee, Trevor,
Relator term autor
942 ## - ADDED ENTRY ELEMENTS (KOHA)
Source of classification or shelving scheme Biblioteca del Cogreso de los Estados Unidos
Koha item type Libro
Holdings
Estado de pérdida Fuente de clasificación Estado del daño No para préstamo Ubicación permanente Ubicación actual Apartado o colección Fecha de adquisición Fuente de adquisición Edición Área del conocimiento Clasificación Código de Barras Date last seen Número de copia Tipo de recurso
  Biblioteca del Cogreso de los Estados Unidos   Uso interno Biblioteca Biblioteca de la Facultad de Biología Biblioteca de la Facultad de Biología General 02/10/2018 Donación 3a ed. Ciencias Naturales y Exactas QH541.15.M63 R69 2008 BFB000006773 02/10/2018 1 Libro